Deutsch als Fremdsprache vor dem Hintergrund der Sprachsituation in der Europäischen Union und in der Slowakei
Uložené v:
| Hlavný autor: | |
|---|---|
| Médium: | Kapitola |
| Jazyk: | German |
| Tagy: |
Žiadne tagy, Buďte prvý, kto otaguje tento záznam!
|
MARC
| LEADER | 00000naa$a2200000$$$4500 | ||
|---|---|---|---|
| 001 | 0262317 | ||
| 005 | 20250923083802.0 | ||
| 041 | 0 | |a ger | |
| 044 | |a DE | ||
| 245 | 1 | 0 | |a Deutsch als Fremdsprache vor dem Hintergrund der Sprachsituation in der Europäischen Union und in der Slowakei |c Lucia Šukolová |
| 100 | 1 | |a Šukolová, Lucia, 1984- | |